000 00668nam a2200289Ia 4500
005 20260324144542.0
008 008 260324s9999 xx 000 0 eng d
020 _a9781315060231
037 _aEBOOK
040 _aCRL
040 _beng
040 _cCRL
041 _2eng
041 _aeng
084 _qCRL
100 _aBeth Bonniwell Haslett
_91168409
245 0 _aCommunication
245 0 _bStrategic Action in Context
260 _bTaylor and Francis
260 _c1987
365 _a
365 _b230
856 _uhttp://www.taylorfrancis.com/books/9781315060231
942 _cEBOOK
999 _c1826495
_d1826495